| 000 | 00754nam a22002177a 4500 | ||
|---|---|---|---|
| 003 | BUBTL | ||
| 008 | 230119b ||||| |||| 00| 0 eng d | ||
| 020 | _a9843000007683 | ||
| 082 | _a954.92/ K1277g/ 2015 | ||
| 100 |
_95174 _aKamal, A K M Nasimul |
||
| 245 |
_aGenocide in Bangladesh 1971/ _c A K M Nasimul Kamal |
||
| 250 | _a1st Edn | ||
| 260 |
_aDhaka: _bBanglaprakash, _cc2015 |
||
| 300 |
_a487 p.: _c22 cm. |
||
| 505 | _aGenocide in Bangladesh 1971, Genocide, Bangladesh, 1971, A K M Nasimul Kamal, Liberation War, Muktijuddho, মুক্তিযুদ্ধ | ||
| 650 | 0 |
_94963 _aLiberation war |
|
| 650 | 0 |
_91755 _aমুক্তিযুদ্ধ |
|
| 856 |
_k0 _l0 _yDownload |
||
| 942 |
_2ddc _cBK |
||
| 999 |
_c6926 _d6926 |
||